Statistics for Country Shape to Capital City Match #2

Click here to take the quiz!

General Stats

  • This quiz has been taken 37 times
  • The average score is 15 of 16

Answer Stats

Answer% Correct
Havana
100%
Ottawa
100%
Ankara
97%
Hanoi
97%
Reykjavik
94%
Santiago
94%
Wellington
94%
Athens
91%
Madrid
91%
Moscow
91%
Pretoria/Cape Town/Bloemfontein
91%
Vienna
91%
Manila
85%
Riyadh
82%
Tripoli
79%
Kabul
76%

Score Distribution

Percentile by Number Answered

Percent of People with Each Score

Your Score History

You have not taken this quiz